zgadnij marki - Statystyki

Ogólne statystyki
  • Ten quiz został rozwiązany 71 razy
  • Średni wynik to 8 z 9
Statystyki odpowiedzi
Obrazkowy Odpowiedź % Poprawnych
starbucks
97%
facebook
91%
youtube
91%
BMW
90%
instagram
90%
tiktok
86%
minecraft
84%
JetPunk
81%
porshe
59%
Nie znaleziono quizów pasujących do podanych kryteriów
Rozkład punktacji
Procent ludzi z każdym wynikiem
Percentyl według liczby udzielonych odpowiedzi
Twoja historia wyników
Nie rozwiązałeś tego quizu